1517 1810 1398 1004 1155 1794 1767 1462 1895 1419 1983 1932 1775 1352 1076 1085 1764 1040 1417 2000 1600 1097 1849 1644 1063 1561 1719 1287 1525 1473 1998 1195 1453 1923 1281 1443 1715 1247 1101 1306 1955 1210 1360 1167 1136 1486 1199 1895 1917 1522 1740 1078 1506 1017 1217 1772 1190 1845 1478 1434 1653 1748 1600 1504 1461 1714 1992 1655 1117 1104 1996 1506 1857 1735 1363 1950 1088 1869 1340 1205 1400 1001 1712 1890 1328 1164 1870 1509 1020 1062 1413 1400 1709 1191 1642 1851 1316 1433 1508 BCNSPRNW ULIB Ver.6.0+V

เปลี่ยนเป็นภาษาไทย

Change to English
 แสดงรายละเอียดบรรณานุกรม
  กลับหน้าหลัก

Brief Record : Get Marc (ISO 2709) : E-mail record : QR code < ปิดหน้าต่าง
LEADER : 00000nam 2200000uu 4500
001    13399126587
003     ULIB
008    020711s2561 th a 000 0 tha d
020    ^a9786163660510
050    ^aนว^bด179ม
100    ^aดวงตะวัน
245    ^aมังกรเริงจันทร์ ชุดซีรีส์ราชสีห์/^cดวงตะวัน
260    ^aกรุงเทพฯ :^bดวงตะวัน,^c2561
300    ^a515 หน้า;^b21 ซม.
490 0  ^aราชสีห์ ;^v7
650    ^aนวนิยาย
945    ^p370^l0^i004782
999    ^aประนอม เกษจรัล
รายการนี้ยังไม่มีแท็ก
คุณยังไม่ได้ล็อกอิน คุณสามารถมีกิจกรรมร่วมกับเว็บไซต์ได้ แต่ต้องล็อกอินก่อน ::
  ล็อกอิน

รายการสื่อสารสนเทศ

ลำดับที่ ประเภท เลขเรียก/บาร์โค้ด สถานที่ สถานะ
1. นวนิยาย
นวนิยาย
นว ด179ม ฉ.1 
  Barcode: 004782
ห้องสมุดวิทยาเขตสวรรค์ประชารักษ์
►นวนิยาย
บนชั้น
  ขอยืม

รายการใกล้เคียง
    ผู้แต่ง [ดวงตะวัน]

    หัวเรื่อง [นวนิยาย]

BibComment


ยังไม่เคยถูกคอมเมนท์

คอมเมนท์ทรัพยากรรายการนี้
  คอมเมนท์: มังกรเริงจันทร์ ..


 Copyright 2026. Bcnsprnw @Library